00373nam a2200157Ia 45000010006000000050017000060080041000230410008000640820015000721000028000872450036001152600009001513000039001606500008001996540008002071007020260306161804.0260306t2007||||xx |||||||||||||| ||spa|| aESP a872.3bP66 aVelázquez, JaimeeAUT 0aComedia de la olla; Anfitrión c2007 axxxix, 129, 15 páginas :c19 cm. aGEN aCHU